00352pab a2200121 454500008004000000100001900040245009900059260000900158300001500167362000800182650002200190773001800212180718b2005 xxu||||| |||| 00| 0 eng d aPaul, Darel E. aThe local politics of 'going global': making and unmaking Minneapolis- St Paul as a world city c2005 ap.2103-122 aNov aUrban development aUrban studies